00432 2200181 4500001002100000005001500021035002000036008004100056245003900097100001500136250000600151260003400157300001100191084001400202082000800216650001400224990001200238INLIS00000000000024920240503072705 a0010-0424000225240503 0 ind 1 aBumi dan Alam Semesta /cMuch Azam aAzam, Much a1 aSolo :bTiga Serangkai,c2015 a60 hlm a900 MUC b a900 4aNon Fiksi a0732405